[Event "IECC KO email"]
[Site "IECC email"]
[Date "2000.08.20"]
[Round "?"]
[White "Berry, Ed"]
[Black "Sani, Valentino"]
[Result "1-0"]
[WhiteElo "1992"]
[BlackElo "1847"]
[PlyCount "93"]
[EventDate "2000.??.??"]
[EventType "tourn (corr)"]
[EventRounds "6"]
[SourceTitle "Corr 2008"]
[Source "ChessBase"]
[SourceDate "2008.06.24"]
[SourceVersion "1"]
[SourceVersionDate "2008.06.24"]
[SourceQuality "1"]

1. e4 c5 2. c3 d5 3. exd5 Nf6 4. Bb5+ Nbd7 5. c4 a6 6. Bxd7+ Bxd7 7. Nf3 e6 8. dxe6 Bxe6 9. b3 Qd3 10. Qe2 Qxe2+ 11. Kxe2 b5 12. Na3 b4 13. Nc2 Bd6 14. Bb2 Nh5 15. Rad1 0-0 16. d4 Rae8 17. Kf1 Bg4 18. a3 a5 19. dxc5 Bxc5 20. axb4 axb4 21. Rd5 Rc8 22. Ne3 Bxf3 23. gxf3 Nf4 24. Rg1 f6 25. Rd2 Ng6 26. Bd4 Rfd8 27. Nd5 Bxd4 28. Rxd4 Kf7 29. Ke2 Ra8 30. Rgd1 Ra3 31. Nxb4 Rxd4 32. Rxd4 Rxb3 33. Nd3 Ne7 34. Rd7 Rc3 35. c5 Ke6 36. Rd6+ Kf7 37. Kd2 Rc4 38. f4 Nf5 39. Rb6 Nd4 40. h3 h5 41. Rb7+ Kg6 42. Rd7 Ne6 43. Ke3 Rc3 44. Rd5 f5 45. Kd2 Ra3 46. c6 Kf6 47. Nc5 1-0

[Event "IECC KO email"]
[Site "IECC email"]
[Date "2000.08.20"]
[Round "?"]
[White "Sani, Valentino"]
[Black "Berry, Ed"]
[Result "0-1"]
[WhiteElo "1838"]
[BlackElo "2001"]
[PlyCount "84"]
[EventDate "2000.??.??"]
[EventType "tourn (corr)"]
[EventRounds "6"]
[SourceTitle "Corr 2008"]
[Source "ChessBase"]
[SourceDate "2008.06.24"]
[SourceVersion "1"]
[SourceVersionDate "2008.06.24"]
[SourceQuality "1"]

1. e4 Nc6 2. d4 e5 3. d5 Nce7 4. Nc3 Ng6 5. Nf3 Bb4 6. h4 d6 7. Bb5+ Bd7 8. Bxd7+ Qxd7 9. h5 N6e7 10. Qd3 f5 11. Bg5 c6 12. dxc6 Qxc6 13. 0-0-0 Bxc3 14. Qxc3 fxe4 15. Nd2 Qxc3 16. bxc3 Rd8 17. Nxe4 h6 18. Be3 d5 19. Ng3 b6 20. Rhe1 Nf6 21. f4 e4 22. c4 dxc4 23. Rxd8+ Kxd8 24. Bd4 Ned5 25. Bxf6+ Nxf6 26. Nf5 Kc7 27. Kb2 Re8 28. Nxg7 Rg8 29. Nf5 Rxg2 30. Nxh6 Rf2 31. Nf7 Rxf4 32. h6 Rh4 33. Kc3 e3 34. Kb2 Ng4 35. Kc3 b5 36. Kb4 Kb6 37. a4 a5+ 38. Kc3 b4+ 39. Kb2 Kc5 40. Kc1 Rh2 41. Kd1 b3 42. cxb3 Nf2+ 0-1

[Event "IECC KO email"]
[Site "IECC email"]
[Date "2000.01.18"]
[Round "?"]
[White "Tatovsky, Silvan"]
[Black "Sani, Valentino"]
[Result "0-1"]
[WhiteElo "1727"]
[BlackElo "1863"]
[PlyCount "28"]
[EventDate "2000.??.??"]
[EventType "tourn (corr)"]
[EventRounds "6"]
[SourceTitle "Corr 2008"]
[Source "ChessBase"]
[SourceDate "2008.06.24"]
[SourceVersion "1"]
[SourceVersionDate "2008.06.24"]
[SourceQuality "1"]

1. d4 Nf6 2. c4 g6 3. f3 c5 4. d5 d6 5. Nc3 Bg7 6. e4 0-0 7. Nge2 e6 8. Ng3 exd5 9. cxd5 a6 10. a4 b6 11. Be2 Re8 12. 0-0 Ra7 13. Bg5 h6 14. Be3 Kh7 0-1

[Event "IECC Swiss email"]
[Site "IECC email"]
[Date "2000.01.17"]
[Round "?"]
[White "Sani, Valentino"]
[Black "Massarani, Jorge Sergio"]
[Result "0-1"]
[WhiteElo "1861"]
[BlackElo "1626"]
[PlyCount "94"]
[EventDate "2000.??.??"]
[EventType "tourn (corr)"]
[EventRounds "6"]
[SourceTitle "Corr 2008"]
[Source "ChessBase"]
[SourceDate "2008.06.24"]
[SourceVersion "1"]
[SourceVersionDate "2008.06.24"]
[SourceQuality "1"]

1. e4 e6 2. d4 d5 3. Nd2 c5 4. Ngf3 Nf6 5. exd5 Nxd5 6. Nb3 cxd4 7. Nbxd4 Be7 8. Bd3 0-0 9. 0-0 Nd7 10. c4 Nb4 11. Bb1 e5 12. Nf5 Nc6 13. Qd3 Nf6 14. Nxe7+ Qxe7 15. Bg5 e4 16. Bxf6 Qxf6 17. Qxe4 g6 18. Qh4 Qxb2 19. Be4 Nd4 20. Ng5 Ne2+ 21. Kh1 h5 22. Bd5 Qf6 23. Nf3 Qxh4 24. Nxh4 Nc3 25. Rac1 Nxa2 26. Nxg6 Nxc1 27. Nxf8 Nd3 28. Ng6 a5 29. Ne7+ Kf8 30. Nxc8 Rxc8 31. Bxb7 Rxc4 32. Ba6 Rc3 33. Bb5 Nb2 34. Rb1 a4 35. g4 a3 36. gxh5 Rc5 37. Be2 Rc2 38. Bf3 Nd3 39. Bd5 a2 40. Ra1 Rc1+ 41. Rxc1 Nxc1 42. Bxa2 Nxa2 43. Kg2 Kg7 44. Kg3 Nc3 45. Kf4 Kf6 46. f3 Nd5+ 47. Kg4 Ne7 0-1

[Event "IECC Swiss email"]
[Site "IECC email"]
[Date "1999.12.17"]
[Round "?"]
[White "Sani, Valentino"]
[Black "Arnold, Lee"]
[Result "0-1"]
[WhiteElo "1883"]
[BlackElo "1770"]
[PlyCount "88"]
[EventDate "1999.??.??"]
[EventType "tourn (corr)"]
[EventRounds "6"]
[SourceTitle "Corr 2008"]
[Source "ChessBase"]
[SourceDate "2008.06.24"]
[SourceVersion "1"]
[SourceVersionDate "2008.06.24"]
[SourceQuality "1"]

1. e4 e5 2. Nc3 Bc5 3. Nf3 d6 4. d4 exd4 5. Nxd4 Nc6 6. Nxc6 bxc6 7. Bd3 Ne7 8. 0-0 0-0 9. Na4 Bd4 10. c3 Bf6 11. f4 Ng6 12. Be3 Bd7 13. g3 Re8 14. Re1 Nf8 15. Bc2 Qc8 16. Qd3 Bh3 17. Bd4 Be7 18. c4 c5 19. Bc3 Ng6 20. f5 Ne5 21. Bxe5 dxe5 22. Qe3 Qa6 23. b3 Qa5 24. Rad1 Red8 25. Qe2 Rxd1 26. Rxd1 Rd8 27. Rxd8+ Bxd8 28. Kf2 c6 29. Qd3 Be7 30. Qd7 Bg4 31. Bd1 Bxd1 32. Qxd1 Qc7 33. Qd2 a6 34. Ke2 Kh8 35. Qe3 Qd6 36. Nc3 Qd4 37. h3 Kg8 38. a3 a5 39. h4 Kh8 40. Kf3 Kg8 41. Ne2 Qa1 42. a4 Qf1+ 43. Qf2 Qh1+ 44. Kg4 h5+ 0-1

[Event "IECC KO email"]
[Site "IECC email"]
[Date "1999.11.29"]
[Round "?"]
[White "Vujanovic, Aleksandar"]
[Black "Sani, Valentino"]
[Result "1-0"]
[WhiteElo "2158"]
[BlackElo "1867"]
[PlyCount "91"]
[EventDate "1999.??.??"]
[EventType "tourn (corr)"]
[EventRounds "6"]
[SourceTitle "Corr 2008"]
[Source "ChessBase"]
[SourceDate "2008.06.24"]
[SourceVersion "1"]
[SourceVersionDate "2008.06.24"]
[SourceQuality "1"]

1. e4 c5 2. Nf3 d6 3. d4 cxd4 4. Nxd4 Nf6 5. Nc3 g6 6. Be3 Bg7 7. f3 0-0 8. Qd2 Nc6 9. Bc4 Bd7 10. 0-0-0 Rc8 11. Bb3 Ne5 12. h4 Nc4 13. Bxc4 Rxc4 14. h5 Nxh5 15. g4 Nf6 16. Bh6 Nxe4 17. Qe3 Rxc3 18. bxc3 Nf6 19. Bxg7 Kxg7 20. Qh6+ Kh8 21. Ne2 Rg8 22. Qe3 b6 23. g5 Nh5 24. Rh4 a6 25. f4 Re8 26. Ng3 Kg8 27. Rdh1 Qc7 28. Nxh5 gxh5 29. Rxh5 Rc8 30. Qd3 Qxc3 31. Qxh7+ Kf8 32. Qh8+ Qxh8 33. Rxh8+ Kg7 34. Rxc8 Bxc8 35. Kd2 b5 36. Re1 Kf8 37. a3 Be6 38. Kc3 Bf5 39. Re2 a5 40. Kd4 Be6 41. Rf2 Kg7 42. f5 Bc4 43. f6+ Kf8 44. fxe7+ Kxe7 45. a4 Be6 46. axb5 1-0

[Event "IECC Y2KO email"]
[Site "IECC email"]
[Date "1999.10.14"]
[Round "?"]
[White "Sani, Valentino"]
[Black "Dixon, Bob"]
[Result "1-0"]
[WhiteElo "1843"]
[BlackElo "985"]
[PlyCount "65"]
[EventDate "1999.??.??"]
[EventType "tourn (corr)"]
[EventRounds "2"]
[SourceTitle "Corr 2008"]
[Source "ChessBase"]
[SourceDate "2008.06.24"]
[SourceVersion "1"]
[SourceVersionDate "2008.06.24"]
[SourceQuality "1"]

1. e4 e5 2. f4 exf4 3. Nf3 g5 4. Bc4 Nc6 5. 0-0 d6 6. d4 Bg7 7. c3 Qe7 8. h4 h6 9. b4 Bd7 10. b5 Na5 11. Bd3 0-0-0 12. Bd2 b6 13. Be1 Nb7 14. Nbd2 Nf6 15. Nh2 Kb8 16. Qc2 c6 17. a4 c5 18. Bf2 Rc8 19. e5 dxe5 20. dxe5 Qxe5 21. Nhf3 Qd5 22. Nc4 Rhe8 23. a5 bxa5 24. b6 a6 25. Nxa5 Ne4 26. Bc4 Qf5 27. Nxb7 Nxf2 28. Qa2 Kxb7 29. Qxa6+ Kc6 30. b7+ Kc7 31. Rfb1 Rcd8 32. Qb6+ Kb8 33. Ra8# 1-0

[Event "IECC KO email"]
[Site "IECC email"]
[Date "1999.08.06"]
[Round "?"]
[White "Sani, Valentino"]
[Black "Khan, Rell"]
[Result "1/2-1/2"]
[WhiteElo "1789"]
[BlackElo "1894"]
[PlyCount "61"]
[EventDate "1999.??.??"]
[EventType "tourn (corr)"]
[EventRounds "6"]
[SourceTitle "Corr 2008"]
[Source "ChessBase"]
[SourceDate "2008.06.24"]
[SourceVersion "1"]
[SourceVersionDate "2008.06.24"]
[SourceQuality "1"]

1. e4 Nf6 2. e5 Nd5 3. d4 d6 4. c4 Nb6 5. Nf3 g6 6. exd6 cxd6 7. Be2 Bg7 8. 0-0 Nc6 9. Nc3 Bg4 10. b3 d5 11. cxd5 Nxd5 12. Nxd5 Qxd5 13. Bb2 0-0 14. h3 Bf5 15. Bc4 Qa5 16. Qe2 Rac8 17. g4 Bd7 18. Ne5 Nxe5 19. dxe5 b5 20. Bxf7+ Kxf7 21. e6+ Bxe6 22. Bxg7 Bxg4 23. hxg4 Kxg7 24. Qxe7+ Rf7 25. Qe5+ Kg8 26. a4 Qc3 27. Qe6 bxa4 28. Rxa4 Rcc7 29. Rf4 Rce7 30. Qc4 Qxc4 31. Rxc4 1/2-1/2

[Event "IECC KO email"]
[Site "IECC email"]
[Date "1999.07.23"]
[Round "?"]
[White "Sani, Valentino"]
[Black "Nagley, Tim"]
[Result "1/2-1/2"]
[WhiteElo "1772"]
[BlackElo "1956"]
[PlyCount "65"]
[EventDate "1999.??.??"]
[EventType "tourn (corr)"]
[EventRounds "6"]
[SourceTitle "Corr 2008"]
[Source "ChessBase"]
[SourceDate "2008.06.24"]
[SourceVersion "1"]
[SourceVersionDate "2008.06.24"]
[SourceQuality "1"]

1. e4 e5 2. Nf3 Nf6 3. d4 d6 4. dxe5 Nxe4 5. Qd5 Nc5 6. Bg5 Qd7 7. exd6 Bxd6 8. Nc3 Nc6 9. 0-0-0 0-0 10. Be3 Ne7 11. Qc4 b6 12. Bxc5 bxc5 13. Bd3 Qg4 14. Qxg4 Bxg4 15. Be4 Rab8 16. h3 Be6 17. Nd5 Nxd5 18. Bxd5 Bxd5 19. Rxd5 Rfe8 20. g3 Re2 21. Rf1 Kf8 22. Nd2 Rbe8 23. Nc4 R8e6 24. Kd1 R2e4 25. b3 Rd4+ 26. Rxd4 cxd4 27. Nxd6 Rxd6 28. Re1 Rf6 29. Re2 c5 30. Kd2 Rf3 31. Ke1 Rc3 32. Kf1 g5 33. Kg2 1/2-1/2

[Event "IECC CL3-1999.22"]
[Site "IECC email"]
[Date "1999.05.11"]
[Round "?"]
[White "Sani, Valentino"]
[Black "Roldan Ortiz, Antonio Jose"]
[Result "0-1"]
[WhiteElo "1775"]
[BlackElo "1930"]
[PlyCount "88"]
[EventDate "1999.??.??"]
[EventType "tourn (corr)"]
[EventRounds "4"]
[SourceTitle "Corr 2008"]
[Source "ChessBase"]
[SourceDate "2008.06.24"]
[SourceVersion "1"]
[SourceVersionDate "2008.06.24"]
[SourceQuality "1"]

1. Nf3 Nf6 2. g3 d6 3. Bg2 g6 4. d4 Bg7 5. c4 0-0 6. Nc3 Nc6 7. h3 a6 8. 0-0 Rb8 9. Be3 b5 10. Nd2 Bb7 11. cxb5 axb5 12. Nxb5 Na5 13. Bxb7 Rxb7 14. Nc3 Rxb2 15. Qa4 Qa8 16. Rab1 Rbb8 17. Rb5 Rxb5 18. Qxb5 Rb8 19. Qa4 Nc6 20. Qc4 Rb4 21. Qd3 e5 22. dxe5 Nxe5 23. Qc2 Qc8 24. Kh2 d5 25. Bg5 Ned7 26. a3 Rb8 27. Nf3 c5 28. Rd1 Qc6 29. Bf4 Ra8 30. Ne5 Nxe5 31. Bxe5 d4 32. Nb1 Ng4+ 33. hxg4 Bxe5 34. Rc1 Qf6 35. f4 Bd6 36. Qe4 Rb8 37. Nd2 Rb2 38. Nc4 Ra2 39. Kh3 Bc7 40. e3 g5 41. Rc2 Qh6+ 42. Kg2 Ra1 43. Kf2 gxf4 44. exf4 Bxf4 0-1

[Event "IECC Swiss email"]
[Site "IECC email"]
[Date "1999.03.28"]
[Round "?"]
[White "Hassan, William"]
[Black "Sani, Valentino"]
[Result "0-1"]
[WhiteElo "1711"]
[BlackElo "1762"]
[PlyCount "84"]
[EventDate "1999.??.??"]
[EventType "tourn (corr)"]
[EventRounds "6"]
[SourceTitle "Corr 2008"]
[Source "ChessBase"]
[SourceDate "2008.06.24"]
[SourceVersion "1"]
[SourceVersionDate "2008.06.24"]
[SourceQuality "1"]

1. e4 c5 2. Nf3 e6 3. Be2 Nc6 4. 0-0 Nf6 5. Nc3 Be7 6. d4 cxd4 7. Nxd4 d6 8. Be3 0-0 9. f4 Bd7 10. Kh1 Qc7 11. Ndb5 Qb8 12. Rc1 a6 13. Nd4 b5 14. a3 Nxd4 15. Qxd4 Bc6 16. Bf3 Nd7 17. Rfd1 Qb7 18. Nd5 Bxd5 19. exd5 e5 20. fxe5 Nxe5 21. Be2 Bf6 22. Qb4 Rfe8 23. Qxd6 Nc4 24. Bxc4 Rxe3 25. Bd3 Bxb2 26. Rb1 Rae8 27. Qb4 Be5 28. a4 Qb6 29. Qh4 g6 30. axb5 Bf6 31. Qf2 Bd4 32. Qd2 a5 33. Re1 R8e5 34. c4 a4 35. Rxe3 Rxe3 36. Re1 a3 37. Bb1 Rb3 38. Qa2 Rc3 39. Bc2 Qf6 40. Bb3 Re3 41. Qb1 Rh3 42. Qe4 Rxb3 0-1

[Event "IECC CL3-1999.07"]
[Site "IECC email"]
[Date "1999.01.02"]
[Round "?"]
[White "Sani, Valentino"]
[Black "Tauaf, Rachid"]
[Result "0-1"]
[WhiteElo "1841"]
[BlackElo "1850"]
[PlyCount "50"]
[EventDate "1999.??.??"]
[EventType "tourn (corr)"]
[EventRounds "4"]
[SourceTitle "Corr 2008"]
[Source "ChessBase"]
[SourceDate "2008.06.24"]
[SourceVersion "1"]
[SourceVersionDate "2008.06.24"]
[SourceQuality "1"]

1. e4 e6 2. d4 d5 3. Nd2 Nf6 4. e5 Nfd7 5. c3 c5 6. f4 Nc6 7. Ndf3 Qb6 8. g3 cxd4 9. cxd4 Bb4+ 10. Kf2 f6 11. Kg2 g5 12. exf6 g4 13. f7+ Kxf7 14. Ne5+ Ndxe5 15. dxe5 h5 16. h3 Bd7 17. Bd3 Bc5 18. a3 Ne7 19. b4 Bd4 20. Ra2 Rac8 21. Ne2 Be3 22. Bxe3 Qxe3 23. Nd4 Rc3 24. Rd2 h4 25. gxh4 Ba4 0-1

[Event "IECC Swiss email"]
[Site "IECC email"]
[Date "1998.11.27"]
[Round "1"]
[White "Popp, Tony"]
[Black "Sani, Valentino"]
[Result "0-1"]
[WhiteElo "1632"]
[BlackElo "1927"]
[PlyCount "48"]
[EventDate "1998.??.??"]
[EventType "tourn (corr)"]
[EventRounds "6"]
[SourceTitle "Corr 2008"]
[Source "ChessBase"]
[SourceDate "2008.06.24"]
[SourceVersion "1"]
[SourceVersionDate "2008.06.24"]
[SourceQuality "1"]

1. e4 c5 2. Nc3 Nc6 3. Nge2 e5 4. Nd5 d6 5. Nec3 a6 6. Na4 Be6 7. Nab6 Rb8 8. Bc4 Be7 9. d3 Nf6 10. f4 Bxd5 11. Nxd5 b5 12. Nxf6+ Bxf6 13. Bd5 Ne7 14. 0-0 Nxd5 15. exd5 exf4 16. Qe1+ Kd7 17. Rxf4 Re8 18. Re4 Bd4+ 19. Kh1 Rxe4 20. dxe4 Qe7 21. c3 Bf6 22. Bf4 Re8 23. Qg3 Qxe4 24. Bxd6 Bh4 0-1

[Event "IECC CL3-1999.03"]
[Site "IECC email"]
[Date "1998.11.26"]
[Round "?"]
[White "Kent, Kevin"]
[Black "Sani, Valentino"]
[Result "1/2-1/2"]
[WhiteElo "1858"]
[BlackElo "1805"]
[PlyCount "103"]
[EventDate "1999.??.??"]
[EventType "tourn (corr)"]
[EventRounds "4"]
[SourceTitle "Corr 2008"]
[Source "ChessBase"]
[SourceDate "2008.06.24"]
[SourceVersion "1"]
[SourceVersionDate "2008.06.24"]
[SourceQuality "1"]

1. Nf3 Nf6 2. c4 e6 3. d4 c5 4. d5 exd5 5. cxd5 d6 6. e4 g6 7. Nc3 Bg7 8. Bb5+ Bd7 9. Qb3 0-0 10. Bxd7 Qxd7 11. 0-0 Re8 12. Re1 Na6 13. Bf4 Nh5 14. Bg5 f6 15. Be3 Re7 16. Qb5 Bf8 17. Qxd7 Rxd7 18. Rac1 Nc7 19. Nd2 b5 20. g4 Ng7 21. f4 b4 22. Ne2 Re8 23. Ng3 f5 24. gxf5 gxf5 25. Rcd1 Rf7 26. Nf3 Nb5 27. e5 Rc7 28. Kf2 Be7 29. h4 Rf8 30. Rg1 Kh8 31. h5 h6 32. Bd2 a5 33. a4 bxa3 34. bxa3 a4 35. Rb1 Nxa3 36. Ra1 Nb5 37. Rxa4 Rb7 38. Rb1 Rfb8 39. Ra6 Nc7 40. Rxb7 Rxb7 41. Rc6 Nb5 42. exd6 Nxd6 43. Bc3 Kh7 44. Bxg7 Kxg7 45. Rxd6 Bxd6 46. Nxf5+ Kf6 47. Nxd6 Rd7 48. Ne4+ Kf5 49. Ke3 Rxd5 50. Nh4+ Ke6 51. f5+ Rxf5 52. Nxf5 1/2-1/2

[Event "IECC CL3-1999.03"]
[Site "IECC email"]
[Date "1998.11.22"]
[Round "?"]
[White "Sani, Valentino"]
[Black "Wu, Jihuan"]
[Result "1-0"]
[WhiteElo "1927"]
[BlackElo "1738"]
[PlyCount "21"]
[EventDate "1999.??.??"]
[EventType "tourn (corr)"]
[EventRounds "4"]
[SourceTitle "Corr 2008"]
[Source "ChessBase"]
[SourceDate "2008.06.24"]
[SourceVersion "1"]
[SourceVersionDate "2008.06.24"]
[SourceQuality "1"]

1. e4 c5 2. Nc3 Nc6 3. Nf3 d6 4. d4 cxd4 5. Nxd4 Nf6 6. Bc4 e6 7. Be3 Be7 8. Qe2 0-0 9. 0-0-0 a6 10. Bb3 Qc7 11. Rhg1 1-0

[Event "IECC KO email"]
[Site "IECC email"]
[Date "1998.11.15"]
[Round "1"]
[White "Sani, Valentino"]
[Black "De Leeuw, Dirk"]
[Result "1/2-1/2"]
[WhiteElo "1919"]
[BlackElo "1921"]
[PlyCount "86"]
[EventDate "1998.??.??"]
[EventType "tourn (corr)"]
[EventRounds "6"]
[SourceTitle "Corr 2008"]
[Source "ChessBase"]
[SourceDate "2008.06.24"]
[SourceVersion "1"]
[SourceVersionDate "2008.06.24"]
[SourceQuality "1"]

1. e4 c5 2. Nc3 Nc6 3. g3 g6 4. Bg2 Bg7 5. Nge2 e6 6. d3 Nge7 7. Be3 Nd4 8. 0-0 0-0 9. Qd2 d5 10. Rad1 Qb6 11. b3 Rd8 12. f4 Bd7 13. Bf2 Bc6 14. e5 Nxe2+ 15. Qxe2 Nf5 16. g4 Nd4 17. Qd2 a5 18. Na4 Bxa4 19. bxa4 Qb4 20. Kh1 Qxa4 21. c3 Nb5 22. Bxc5 Rac8 23. Bb6 Nxc3 24. Bxd8 Nxd1 25. Bf6 Nc3 26. Bxg7 Kxg7 27. f5 Qxg4 28. fxe6 Qxe6 29. Qe3 Kg8 30. Rf6 Qe7 31. Qg5 Rc7 32. h4 d4 33. Bf3 Nxa2 34. e6 fxe6 35. h5 Nb4 36. hxg6 h6 37. Qe5 Nxd3 38. Qxd4 Rc1+ 39. Kh2 Qc7+ 40. Kh3 Rc2 41. Rf8+ Kxf8 42. Qh8+ Ke7 43. Qg7+ Ke8 1/2-1/2

[Event "IECC KO email"]
[Site "IECC email"]
[Date "1998.11.15"]
[Round "1"]
[White "Sani, Valentino"]
[Black "Jobe, Tom B"]
[Result "1-0"]
[WhiteElo "1923"]
[BlackElo "1608"]
[PlyCount "49"]
[EventDate "1998.??.??"]
[EventType "tourn (corr)"]
[EventRounds "6"]
[SourceTitle "Corr 2008"]
[Source "ChessBase"]
[SourceDate "2008.06.24"]
[SourceVersion "1"]
[SourceVersionDate "2008.06.24"]
[SourceQuality "1"]

1. e4 c5 2. Nc3 Nc6 3. g3 g6 4. Bg2 Bg7 5. Nge2 d6 6. 0-0 Nf6 7. h3 0-0 8. f4 Rb8 9. d3 e5 10. Be3 Nd4 11. a4 Nh5 12. fxe5 dxe5 13. Kh2 Be6 14. Ng1 Qd7 15. Nf3 h6 16. Nh4 Kh7 17. Rf2 Nf6 18. Qd2 Rbd8 19. Raf1 Ng8 20. b3 Ne7 21. g4 Nec6 22. Nf5 gxf5 23. exf5 Bxb3 24. f6 Nxc2 25. Be4+ 1-0

[Event "IECC KO email"]
[Site "IECC email"]
[Date "1998.11.15"]
[Round "1"]
[White "Sani, Valentino"]
[Black "Lewis, Matthew"]
[Result "1/2-1/2"]
[WhiteElo "1825"]
[BlackElo "1837"]
[PlyCount "124"]
[EventDate "1998.??.??"]
[EventType "tourn (corr)"]
[EventRounds "6"]
[SourceTitle "Corr 2008"]
[Source "ChessBase"]
[SourceDate "2008.06.24"]
[SourceVersion "1"]
[SourceVersionDate "2008.06.24"]
[SourceQuality "1"]

1. e4 e6 2. d4 d5 3. Nd2 Nf6 4. e5 Nfd7 5. f4 c5 6. c3 Nc6 7. Ndf3 Qb6 8. g3 cxd4 9. cxd4 Bb4+ 10. Kf2 g5 11. h3 gxf4 12. gxf4 Rg8 13. Be3 Be7 14. Qc2 Nf8 15. Rc1 Bd7 16. Qb1 Na5 17. Bd3 Rg7 18. Ne2 Bb5 19. f5 Bxd3 20. Qxd3 exf5 21. Nf4 Rd8 22. b3 Nc6 23. Qxf5 Qa5 24. Rc2 Nb4 25. Rd2 Rd7 26. Rc1 Nc6 27. Rg1 Rxg1 28. Kxg1 Qc3 29. Kf2 Qa1 30. e6 fxe6 31. Nxe6 Nxe6 32. Qxe6 Qb1 33. Qg8+ Bf8 34. Bh6 Qf5 35. Bxf8 Qxf8 36. Re2+ Re7 37. Qxd5 Rxe2+ 38. Kxe2 Qe7+ 39. Ne5 Kf8 40. Kf3 Nb4 41. Qe4 Nxa2 42. Qf5+ Kg7 43. h4 Qf6 44. Kg4 Qxf5+ 45. Kxf5 Nc1 46. d5 Nxb3 47. d6 Nd4+ 48. Ke4 Ne6 49. Kf5 Nd8 50. Nf3 Kf8 51. Kf6 Ke8 52. h5 a5 53. Nd4 Kd7 54. Nb5 b6 55. Kg7 Kc6 56. Kxh7 a4 57. Kg6 Ne6 58. h6 a3 59. Nxa3 Kxd6 60. Nb5+ Ke5 61. Nc7 Nf8+ 62. Kg7 Kf5 1/2-1/2

[Event "IECC KO email"]
[Site "IECC email"]
[Date "1998.10.24"]
[Round "?"]
[White "Lewis, Matthew"]
[Black "Sani, Valentino"]
[Result "1/2-1/2"]
[WhiteElo "1820"]
[BlackElo "1826"]
[PlyCount "128"]
[EventDate "1998.??.??"]
[EventType "tourn (corr)"]
[EventRounds "6"]
[SourceTitle "Corr 2008"]
[Source "ChessBase"]
[SourceDate "2008.06.24"]
[SourceVersion "1"]
[SourceVersionDate "2008.06.24"]
[SourceQuality "1"]

1. c4 Nf6 2. Nc3 e6 3. e4 d5 4. e5 d4 5. exf6 dxc3 6. bxc3 Qxf6 7. d4 e5 8. Nf3 exd4 9. Bg5 Qe6+ 10. Be2 f6 11. Nxd4 Qe5 12. Be3 c5 13. Qa4+ Nc6 14. Bf3 cxd4 15. Bxc6+ bxc6 16. Qxc6+ Kf7 17. Qxa8 Bc5 18. cxd4 Bxd4 19. Rd1 Qa5+ 20. Kf1 Bxe3 21. fxe3 Qxa2 22. Qd5+ Be6 23. Qb7+ Kg6 24. Qe4+ Bf5 25. Qd4 Re8 26. Ra1 Qc2 27. h4 Bd3+ 28. Kg1 Re4 29. Qxa7 Bxc4 30. Rh3 Rg4 31. Qa8 Kh6 32. Qf3 Qg6 33. Rg3 Be2 34. Rxg4 Qxg4 35. Qxg4 Bxg4 36. e4 Kg6 37. Ra5 h6 38. Kf2 Bd1 39. Ke3 Bg4 40. Kd4 Be2 41. Ra7 Bd1 42. Rb7 Be2 43. Rc7 Bg4 44. Kd5 Be2 45. Ra7 Bg4 46. Re7 Be2 47. e5 fxe5 48. Re6+ Kf7 49. Kxe5 Bf1 50. g3 Bh3 51. Rb6 Bg2 52. g4 Bf3 53. Kf4 Be2 54. g5 hxg5+ 55. Kxg5 Bd3 56. Rb7+ Kf8 57. Rb3 Be4 58. Rb4 Bd3 59. Kf4 g6 60. Rb7 Ke8 61. Ke5 Kf8 62. Kf6 Kg8 63. Rg7+ Kh8 64. Re7 Bc2 1/2-1/2